Władysława Knosała (1908-1997)
| Titel: | Władysława Knosała (1908-1997) : Wybór materiałów |
|---|---|
| Verfasser: | |
| In: |
Bibliotekarz Olsztyński, Heft 3/4 (1997), Seite 51-52 alle Artikel anzeigen |
| Veröffentlicht: | 1997 [1998] |
| Format: | Aufsatz |
| Sprache: | Polnisch |
X
alg: 39350721 001A $01999:12-11-16 001B $01999:22-05-21 $t21:58:53.000 001D $01999:12-11-16 001U $0utf8 001X $00 002@ $0Aox 003@ $0393507211 007A $0393507211 $aHEB 007T $0Herdt07605 010@ $apol 011@ $a1997 $n1997 [1998] 021A $aWładysława Knosała (1908-1997) $dWybór materiałów 027A $aWładysława Knosała (1908-1997). Eine Auswahl von Materialien 028A $aWysocka $dAnna 031A $e3/4 $h51-52 $j1997 039B $aIn $8--Abvc--. Bibliotekarz Olsztyński. - Olsztyn : Woj. Bibl. Publ., 1983-1998. - ISSN 1426-4218 $x199700000000003949 $9287103307 045F $a929.094382 $eDDC23BSB 045F/01 $a929 045F/03 $g4382 045F/03 $g43832 046C $aWładysława Knosała (1908-1997). Eine Auswahl von Materialien $bÜbers. des Hauptsacht. lok: 39350721 78 exp: 39350721 78 1 #EPN 201B/01 $019-12-17 $t22:56:21.000 201U/01 $0utf8 203@/01 $078961765X 208@/01 $a12-11-16 $be 209A/01 $a/ $f000 $x00 220C/01 $aTitelaufnehmer: uz 244Z/01 $2Trx $#Prusy Wschodnie i Zachodnie $8--Trx--Ost- und Westpreußen $x01 $939113373X 244Z/01 $#Kaszuby $#Kaschubei $#Pommerellen, Nord $#Nordpommerellen $74284575-0 $8--Tg1--Kaschubien $x02 $9086537350 244Z/01 $aGeschichte 1908-1997 $x03 244Z/01 $2Trx $8--Trx--Knosała, Władysława$Z1908-1997 $x04 $9390864595 244Z/01 $2Trx $#koduloouurijad $#kraštotyrininkai $#Researcher of local geography and history $#regionális földrajz- és történelemkutatók $#regionaliści $#regionalisti $#pracovníci vlastivědní $#regionalisté $8--Trx--Heimatforscher $x05 $9391371177 244Z/01 $2Trx $#õpetajad $#mokytojai $#teachers $#tanárok $#nauczyciele $#učitelia $#učitelé $8--Trx--Lehrer $x06 $9391382780 244Z/01 $2Trx $8--Trx--Zeitschriftenaufsatz $x07 $9391384341 245Z/01 $a12.03 $x01 247C/01 $82080>Marburg/Lahn, Herder-Institut, Forschungsbibliothek, Bibliographieportal $9336309341
| LEADER | 00000caa a22000002c 4500 | ||
|---|---|---|---|
| 001 | 393507211 | ||
| 003 | DE-603 | ||
| 005 | 20210522215853.0 | ||
| 007 | tu | ||
| 008 | 161112s1997 xx |||| | u00||u|pol c | ||
| 035 | |a (DE-599)HEB393507211 | ||
| 040 | |a DE-603 |b ger |c DE-603 |d DE-603 | ||
| 041 | |a pol | ||
| 082 | 0 | 4 | |8 1\u |a 929.094382 |q DE-101 |2 23/BSB |
| 085 | |8 1\u |b 929 | ||
| 085 | |8 1\u |z 2 |s 4382 | ||
| 085 | |8 1\u |z 2 |s 43832 | ||
| 100 | 1 | |a Wysocka, Anna | |
| 245 | 0 | 0 | |a Władysława Knosała (1908-1997) |b Wybór materiałów |
| 246 | 1 | |i Übers. des Hauptsacht. |a Władysława Knosała (1908-1997). Eine Auswahl von Materialien | |
| 246 | 1 | 3 | |a Władysława Knosała (1908-1997). Eine Auswahl von Materialien |
| 264 | 0 | |c 1997 [1998] | |
| 773 | 0 | 8 | |i In |t Bibliotekarz Olsztyński |d Olsztyn : Woj. Bibl. Publ., 1983-1998 |x 1426-4218 |g Heft 3/4 (1997), Seite 51-52 |w (DE-603)287103307 |w (DE-600)2645626-6 |
| 924 | 0 | |9 2080 |a (DE-603)78961765X |b DE-2080 |c HES |d d |g / | |


